World's Leading Causes of Death - Statistics

General Stats
  • This quiz has been taken 300 times
  • The average score is 4 of 10
Answer Stats
Hint Answer % Correct
2 Cancer
93%
1 Heart disease
88%
5 HIV/AIDS
57%
9 Malaria
54%
10 Traffic accidents
46%
4 Lung disease
31%
8 Tuberculosis
18%
3 Respiratory infections
13%
7 Diarrhoeal diseases
5%
6 Digestive diseases
2%
No matching quizzes found
Score Distribution
Percent of People with Each Score
Percentile by Number Answered
Your Score History
You have not taken this quiz